000 00629cam a2200217 4500500
005 20260329001811.0
041 _afre
042 _adc
100 1 0 _aBachofen, Blaise
_eauthor
245 0 0 _aLes sentiers de la modernité
260 _c2009.
500 _a17
690 _aAmour-propre
690 _aContrat social
690 _aÉtat de nature
690 _aInégalités
690 _aRousseau
690 _aThéisme
786 0 _nPhilosophie magazine | 29 | 5 | 2009-05-01 | p. 38-39 | 1951-1787
856 4 1 _uhttps://shs.cairn.info/magazine-philosophie-magazine-2009-5-page-38?lang=fr&redirect-ssocas=7080
999 _c1808746
_d1808746